000 00254nam a22001097a 4500
082 _a823
_bORI/C
100 _aORIENT LONGMAN
245 _aTHE CLEVER OLD WOMAN
260 _aHYDERABAD
_bORIENT LONGMAN
_c1992
650 _aPASSAGE LEAFLET
_zINDIA
942 _cBK
999 _c4167
_d4167